| 000 -LEADER |
| fixed length control field |
01353pab a2200193 454500 |
| 008 - FIXED-LENGTH DATA ELEMENTS--GENERAL INFORMATION |
| fixed length control field |
180718b2001 xxu||||| |||| 00| 0 eng d |
| 100 ## - MAIN ENTRY--PERSONAL NAME |
| Personal name |
Malgady, Robert G. |
| 245 ## - TITLE STATEMENT |
| Title |
Cultural and linguistic considerations in psychodiagnosis with Hispanaics: the need for an empirically informed process model |
| 260 ## - PUBLICATION, DISTRIBUTION, ETC. |
| Date of publication, distribution, etc. |
2001 |
| 300 ## - PHYSICAL DESCRIPTION |
| Extent |
p.39-49 |
| 362 ## - DATES OF PUBLICATION AND/OR SEQUENTIAL DESIGNATION |
| Dates of publication and/or sequential designation |
Jan |
| 520 ## - SUMMARY, ETC. |
| Summary, etc. |
It is estimated that in the next century nearly half of the clientele seeking mental health services will be members of ethnic minority groups. Hispanics are the most rapidly growing population in the United States, and epidemiological evidence suggests that they present higher levels of psychiatric symptomatology and prevalence rates of disorder compared with other ethnic groups. Despite the unprecedented recognition of cultural considerations found in DSM-IV for rendering a psychiatric diagnosis, there is still surprisingly little empirical research examining cultural and linguistic factors influencing the diagnostic process. This article critically reviews this research and considers process variables that can inform social workers' culturally sensitive diagnosis of Hispanics. - Reproduced |
| 650 ## - SUBJECT ADDED ENTRY--TOPICAL TERM |
| Topical term or geographic name entry element |
Psychodiagnostics |
| 650 ## - SUBJECT ADDED ENTRY--TOPICAL TERM |
| Topical term or geographic name entry element |
Clinical psychology |
| 650 ## - SUBJECT ADDED ENTRY--TOPICAL TERM |
| Topical term or geographic name entry element |
Mental health |
| 700 ## - ADDED ENTRY--PERSONAL NAME |
| Personal name |
Zayas, Luis H. |
| 773 ## - HOST ITEM ENTRY |
| Main entry heading |
Social Work |
| 909 ## - |
| -- |
49870 |